Introduction to ceramics

Zapisane w:
Opis bibliograficzny
1. autor: Kingery, W. D.
Format: Książka
Język:Undetermined
Wydane: New York John wiley and Son 1975
Hasła przedmiotowe:
Etykiety: Dodaj etykietę
Nie ma etykietki, Dołącz pierwszą etykiete!
Thư viện lưu trữ: Trung tâm Học liệu Trường Đại học Cần Thơ
LEADER 00490nam a2200181Ia 4500
001 CTU_81511
008 210402s9999 xx 000 0 und d
082 |a 666 
082 |b K52 
100 |a Kingery, W. D. 
245 0 |a Introduction to ceramics 
245 0 |c W. D. Kingery, H. K. Bowen, D. R. Uhlmann 
260 |a New York 
260 |b John wiley and Son 
260 |c 1975 
650 |a Ceramics 
904 |i Trọng Hải 
980 |a Trung tâm Học liệu Trường Đại học Cần Thơ